Plan regional de la infancia y la adolescencia: IV Región de Coquimbo.

Kaydedildi:
Detaylı Bibliyografya
Müşterek Yazar: MIDEPLAN
Materyal Türü: Kitap
Dil:İspanyolca
Baskı/Yayın Bilgisi: Santiago, Chile MIDEPLAN 1994
Konular:
Etiketler: Etiketle
Etiket eklenmemiş, İlk siz ekleyin!

MARC

LEADER 00000nam a2200000 a 4500
001 UCU7417
003 CL-VaPUC
005 20240930160402.0
008 960705e19940000CL |||||||||||||||||spa|d
999 |c 250071  |d 250069 
040 |c Pontificia Universidad Católica de Valparaíso 
082 0 4 |a 338.983 MID 1994  |2 21 
110 2 |a MIDEPLAN  |9 366247 
245 1 0 |a Plan regional de la infancia y la adolescencia: IV Región de Coquimbo. 
260 0 3 |a Santiago, Chile  |b MIDEPLAN  |c 1994 
300 |a 118 páginas 
583 |a last modification  |c 20180327 12:16:54  |k Rodrigo Vera 
650 0 |a Planificación regional   |9 257050 
650 7 |a SALUD DE LA FAMILIA  |2 CL-VaPUC  |9 334187 
650 7 |a INFANCIA  |2 CL-VaPUC  |9 366248 
650 0 |a Adolescencia  |9 307361 
650 0 |a Nutrición   |9 259434 
650 0 |a Alcoholismo  |9 259651 
650 0 |a Drogadicción  |9 331967 
650 0 |a Maltrato infantil  |9 324690 
650 0 |a Abuso sexual  |9 475641 
650 7 |a MINUSVALIDOS  |2 CL-VaPUC  |9 310184 
650 0 |a Problemas sociales  |9 258537 
650 7 |a HIGIENE  |2 CL-VaPUC  |9 366250 
650 0 |a Educación básica   |9 224933 
650 0 |a Abandono del hogar  |9 309234 
650 0 |a Medio ambiente  |9 257625 
650 0 |a Estadísticas  |9 258644 
651 7 |a CHILE  |2 CL-VaPUC  |9 366251 
942 |c BK  |2 ddc 
945 |d 19960705 00:00:00  |a rbrito 
952 |0 0  |1 0  |2 ddc  |4 0  |6 338_983000000000000_MID_1994  |7 0  |8 A  |9 267819  |a BIBGIM  |b BIBGIM  |d 2019-11-19  |i 3208885  |o 338.983 MID 1994  |p 3208885  |r 2025-01-15  |t 1  |w 2019-11-19  |y BK  |k SSL